নীলডুমুর (Record no. 12957)
[ view plain ]
| 000 -LEADER | |
|---|---|
| fixed length control field | 00714nam a22002417a 4500 |
| 001 - CONTROL NUMBER | |
| JCCL Control Number | 12957 |
| 003 - CONTROL NUMBER IDENTIFIER | |
| JCCL marc code | BD-JhCC |
| 005 - DATE AND TIME OF LATEST TRANSACTION | |
| control field | 20230606115040.0 |
| 008 - FIXED-LENGTH DATA ELEMENTS--GENERAL INFORMATION | |
| fixed length control field | 230606b20222022b a|||| ||a| 00| 0 b d |
| 020 ## - INTERNATIONAL STANDARD BOOK NUMBER | |
| International Standard Book Number | 9789849624516 |
| 035 ## - SYSTEM CONTROL NUMBER | |
| system control number | (BD-JhCC)12957 |
| 040 ## - CATALOGING SOURCE | |
| Original cataloging agency | BD-JhCC |
| Modifying agency | BD-JhCC |
| 041 ## - LANGUAGE CODE | |
| Language code of Book | Bengali |
| 082 ## - DEWEY DECIMAL CLASSIFICATION NUMBER | |
| Classification number | 891.443 |
| Author mark and Year | AHA, 2022 |
| 100 ## - MAIN ENTRY--PERSONAL NAME | |
| Personal name | আহ্সান, কিঙ্কর |
| 245 ## - TITLE STATEMENT | |
| Title | নীলডুমুর |
| Statement of responsibility, etc | কিঙ্কর আহ্সান, |
| 260 ## - PUBLICATION, DISTRIBUTION, ETC. (IMPRINT) | |
| Place of publication, distribution, etc | ঢাকা: |
| Name of publisher, distributor, etc | জ্ঞানকোষ প্রকাশনী; |
| Date of publication, distribution, etc | 2022 |
| 300 ## - PHYSICAL DESCRIPTION | |
| Pagination | 176p. : |
| 600 ## - SUBJECT ADDED ENTRY--PERSONAL NAME | |
| Personal name | নীলডুমুর |
| 650 ## - SUBJECT ADDED ENTRY--TOPICAL TERM | |
| Topical term or geographic name as entry element | Bengali Novel |
| Geographic subdivision | Bangladesh |
| 942 ## - ADDED ENTRY ELEMENTS (KOHA) | |
| Source of classification or shelving scheme | Dewey Decimal Classification |
| Koha item type | Books |
| Source of classification or shelving scheme | Damaged status | Not for loan | Home library | Current library | Shelving location | Date of accession | Cost, normal purchase price | Total Checkouts | Full call number | Barcode | Checked out | Date last seen | Date checked out | Copy number | Method of acquisition | Koha item type | Currency |
|---|---|---|---|---|---|---|---|---|---|---|---|---|---|---|---|---|---|
| Dewey Decimal Classification | JCC Rouf Library | JCC Rouf Library | General Stacks | 06/06/2023 | 324.00 | 11 | 891.443 AHA, 2022 | 17930 | 08/04/2024 | 07/10/2024 | 07/10/2024 | C-1 | Purchase | Books | BDT |